000 00417nam a2200157Ia 4500
005 20250508161908.0
008 008 250505s9999 xx 000 0 eng d
037 _aTextual
040 _aFEDL
_beng
_cFEDL
041 _aeng
_2eng
084 _a510, MAN
_qFEDL
245 0 _aBest and exhaustive notes on mathematics. Part 1
300 _a286p.
942 _cTEXL
_h510, MAN
999 _c1373035
_d1373035